00550nam a2200181 a 4500008004100000020001500041050001900056100002500075245005100100260004400151300003700195650003800232650000900270650003500279650001800314650001800332650001800350210212s1957 ||||||||||||||||| || u a0671491784 aPR 2825. A2S53 aShakespeare, William14aThe merchant of VenicecBy William Shakespeare aNew YorkbWashington Square Pressc1957 axxxvii, 94 pages : illustrations aSKAKESPEARE, WILLIAM, 1564 - 1616 aJEWS aSHYLOCK (FICTITIOUS CHARACTER) aENGLISH DRAMA aITALY--VENICE aMONEY LENDERS